[Event "Guillermo Garcia Memorial U16 op 29th"]
[Site "Santa Clara"]
[Date "2022.05.07"]
[Round "6"]
[White "Lopez Perez, Cesar Eduardo"]
[Black "Almaguel Mendez, Adrian Jesus"]
[Result "0-1"]
[WhiteElo "1587"]
[BlackElo "1768"]
[PlyCount "124"]
[EventDate "2022.05.02"]
[EventType "swiss"]
[EventRounds "7"]
[EventCountry "CUB"]
[SourceTitle "EXT 2023"]
[Source "ChessBase"]
[SourceDate "2022.10.05"]
[SourceVersion "1"]
[SourceVersionDate "2022.10.05"]
[SourceQuality "1"]

1. e4 c5 2. Nf3 d6 3. d4 cxd4 4. Qxd4 Nc6 5. Bb5 Qa5+ 6. Nc3 Qxb5 7. Nxb5 Nxd4 8. Nfxd4 Kd8 9. Be3 Nf6 10. f3 Bd7 11. Nc3 a6 12. 0-0-0 e6 13. Nb3 Kc7 14. g4 Bc6 15. Na5 Be7 16. Nxc6 bxc6 17. Bf4 Nd7 18. Rd2 Nb6 19. b3 g5 20. Bg3 h5 21. gxh5 Rxh5 22. Rhd1 e5 23. Rg1 Rf8 24. Rdg2 f5 25. Bf2 Nd7 26. Be3 f4 27. Bd2 Rfh8 28. Rh1 Rh3 29. Rf2 Nf6 30. Kd1 g4 31. fxg4 Nxg4 32. Rg2 Rxh2 33. Rhxh2 Nxh2 34. Rg7 Kd8 35. Ke2 f3+ 36. Ke3 Nf1+ 37. Kd3 Rh2 38. Be3 f2 39. Bb6+ Ke8 40. Nd1 Rh3+ 41. Ke2 Ng3+ 42. Kxf2 Nxe4+ 43. Kg2 Rh5 44. Rg8+ Bf8 45. Rg6 Rg5+ 46. Rxg5 Nxg5 47. Be3 Ne6 48. Nf2 d5 49. Nd3 Bd6 50. Kh3 Kf7 51. Kg4 Kg6 52. c3 c5 53. c4 d4 54. Bd2 e4 55. Nb2 e3 56. Be1 Nf4 57. Bg3 e2 58. Kf3 d3 59. Be1 Kf5 60. Ke3 Ng2+ 61. Kf2 Nxe1 62. Kxe1 Bg3+ 0-1

[Event "Guillermo Garcia Memorial U16 op 29th"]
[Site "Santa Clara"]
[Date "2022.05.05"]
[Round "4"]
[White "Lopez Perez, Cesar Eduardo"]
[Black "Fernandez Aloma, Ana Laura"]
[Result "1-0"]
[WhiteElo "1587"]
[BlackElo "1423"]
[PlyCount "123"]
[EventDate "2022.05.02"]
[EventType "swiss"]
[EventRounds "7"]
[EventCountry "CUB"]
[SourceTitle "EXT 2023"]
[Source "ChessBase"]
[SourceDate "2022.10.05"]
[SourceVersion "1"]
[SourceVersionDate "2022.10.05"]
[SourceQuality "1"]

1. e4 e5 2. Bc4 Nc6 3. Nc3 Nf6 4. d3 Bc5 5. f4 exf4 6. Bxf4 d6 7. Nf3 Bg4 8. Na4 Bd4 9. h3 Bxf3 10. Qxf3 Qe7 11. Nc3 0-0-0 12. 0-0-0 Be5 13. Be3 Bxc3 14. bxc3 Ne5 15. Qf5+ Qd7 16. Qxd7+ Nfxd7 17. Bb3 f6 18. Rhf1 Rhe8 19. g4 h6 20. Rf2 c5 21. Rg1 Nb6 22. a3 c4 23. Bxb6 axb6 24. Ba4 Nc6 25. Rf4 cxd3 26. cxd3 Ne5 27. Kc2 Re7 28. Rb1 Kc7 29. Bb5 Ng6 30. Rf2 Re5 31. a4 Ra8 32. Kd1 d5 33. exd5 Rxd5 34. Bc4 Rd6 35. Bb5 Re6 36. Kd2 Rd8 37. Re1 Rdd6 38. Rfe2 Nf4 39. Rxe6 Rxe6 40. Rxe6 Nxe6 41. Ke3 g5 42. d4 Nf4 43. Bf1 Nd5+ 44. Kd3 Kd6 45. c4 Nf4+ 46. Ke4 Ne6 47. Kd3 Nf4+ 48. Kc3 h5 49. Kb4 hxg4 50. hxg4 Ne6 51. d5 Nc7 52. Bd3 b5 53. axb5 b6 54. Kc3 Kc5 55. Bg6 Nxd5+ 56. cxd5 Kxd5 57. Bf5 Kc5 58. Bd7 Kd6 59. Bc8 Kc5 60. Kd3 Kd5 61. Bb7+ Ke5 62. Kc4 1-0

[Event "Guillermo Garcia Memorial op 28th"]
[Site "Santa Clara"]
[Date "2019.04.27"]
[Round "5"]
[White "Espinoza, Villanueva Rodrig"]
[Black "Lopez Perez, Cesar Eduardo"]
[Result "1-0"]
[WhiteElo "1913"]
[BlackElo "1550"]
[PlyCount "65"]
[EventDate "2019.04.23"]
[EventType "swiss"]
[EventRounds "9"]
[EventCountry "CUB"]
[SourceTitle "EXT 2020"]
[Source "ChessBase"]
[SourceDate "2019.10.17"]
[SourceVersion "1"]
[SourceVersionDate "2019.10.17"]
[SourceQuality "1"]

1. d4 Nf6 2. c4 g6 3. Nc3 Bg7 4. e4 d6 5. Be2 0-0 6. Nf3 Nbd7 7. 0-0 e5 8. d5 a5 9. Bg5 h6 10. Bh4 Nc5 11. Nd2 Bd7 12. b3 Qc8 13. a3 Bg4 14. f3 Bd7 15. b4 axb4 16. axb4 Rxa1 17. Qxa1 Na6 18. Qa3 Nh5 19. c5 Nf4 20. Bxa6 bxa6 21. Ra1 Bh3 22. Qxa6 Bxg2 23. Qxc8 Rxc8 24. c6 f5 25. Ra7 Bh3 26. b5 fxe4 27. Ndxe4 g5 28. Bf2 Bf8 29. Rb7 Nd3 30. Ba7 Nb2 31. b6 cxb6 32. Nb5 Nc4 33. Nf6+ 1-0

[Event "Capablanca Memorial U15 2nd"]
[Site "Havana"]
[Date "2018.05.14"]
[Round "1"]
[White "Novo Castellon, Jonathan"]
[Black "Lopez Perez, Cesar Eduardo"]
[Result "1-0"]
[WhiteElo "1774"]
[BlackElo "1399"]
[PlyCount "29"]
[EventDate "2018.05.14"]
[EventType "swiss"]
[EventRounds "7"]
[EventCountry "CUB"]
[SourceTitle "EXT 2021"]
[Source "ChessBase"]
[SourceDate "2020.10.23"]
[SourceVersion "1"]
[SourceVersionDate "2020.10.23"]
[SourceQuality "1"]

1. e4 e5 2. Nf3 Nc6 3. d4 exd4 4. Nxd4 Nf6 5. Nxc6 bxc6 6. Bd3 d5 7. e5 Nd7 8. 0-0 Nxe5 9. Re1 Bd6 10. f4 f6 11. fxe5 fxe5 12. Qh5+ Kd7 13. Bf5+ Ke7 14. Bg5+ Kf8 15. Bxd8 1-0